Statistics for Oscar for Best Actor in a Leading Role

Click here to take the quiz!

General Stats

  • This quiz has been taken 106 times
    (73 since last reset)
  • The average score is 62 of 92

Answer Stats

HintAnswer% Correct
1991The Silence of the LambsAnthony Hopkins
98%
1989My Left FootDaniel Day-Lewis
98%
2007There Will Be BloodDaniel Day-Lewis
98%
2012LincolnDaniel Day-Lewis
98%
1993PhiladelphiaTom Hanks
98%
1994Forrest GumpTom Hanks
98%
1979Kramer vs. KramerDustin Hoffman
97%
1988Rain ManDustin Hoffman
97%
2015The RevenantLeonardo DiCaprio
97%
1980Raging BullRobert De Niro
97%
2000GladiatorRussell Crowe
97%
1992Scent of a WomanAl Pacino
95%
2001Training DayDenzel Washington
95%
1997As Good as it GetsJack Nicholson
95%
1975One Flew Over the Cuckoo's NestJack Nicholson
95%
1954On the WaterfrontMarlon Brando
95%
1972The GodfatherMarlon Brando
95%
2005CapotePhilip Seymour Hoffman
93%
2008MilkSean Penn
93%
2003Mystic RiverSean Penn
93%
2004RayJamie Foxx
91%
2002The PianistAdrien Brody
90%
2010The King's SpeechColin Firth
90%
2014The Theory of EverythingEddie Redmayne
90%
1999American BeautyKevin Spacey
90%
1987Wall StreetMichael Douglas
90%
1995Leaving Las VegasNicolas Cage
86%
1982GandhiBen Kingsley
84%
2006The Last King of ScotlandForest Whitaker
84%
2017Darkest HourGary Oldman
84%
1962To Kill a MockingbirdGregory Peck
84%
2009Crazy HeartJeff Bridges
83%
2013Dallas Buyers ClubMatthew McConaughey
83%
1981On Golden PondHenry Fonda
81%
1969True GritJohn Wayne
81%
1986The Color of MoneyPaul Newman
81%
1959Ben-HurCharlton Heston
79%
2016Manchester by the SeaCasey Affleck
78%
1971The French ConnectionGene Hackman
76%
1963Lilies of the FieldSidney Poitier
76%
1951The African QueenHumphrey Bogart
74%
1996ShineGeoffrey Rush
71%
1970PattonGeorge C. Scott
71%
1948HamletLaurence Olivier
71%
1998Life is BeautifulRoberto Benigni
71%
1956The King and IYul Brynner
71%
1934It Happened One NightClark Gable
67%
1984AmadeusF. Murray Abraham
66%
1952High NoonGary Cooper
66%
1941Sergeant YorkGary Cooper
66%
1964My Fair LadyRex Harrison
66%
1940The Philadelphia StoryJames Stewart
64%
1978Coming HomeJon Voight
64%
1985Kiss of the Spider WomanWilliam Hurt
64%
1957The Bridge on the River KwaiAlec Guinness
62%
2011The ArtistJean Dujardin
62%
1990Reversal of FortuneJeremy Irons
62%
1976NetworkPeter Finch
62%
1938Boys TownSpencer Tracy
60%
1937Captains CourageousSpencer Tracy
60%
1973Save the TigerJack Lemmon
59%
1983Tender MerciesRobert Duvall
59%
1955MartyErnest Borgnine
55%
1958Separate TablesDavid Niven
53%
1967In the Heat of the NightRod Steiger
53%
1960Elmer GantryBurt Lancaster
52%
1965Cat BallouLee Marvin
50%
1953Stalag 17William Holden
50%
1942Yankee Doodle DandyJames Cagney
48%
1961Judgment at NurembergMaximilian Schell
47%
1977The Goodbye GirlRichard Dreyfuss
47%
1944Going My WayBing Crosby
45%
1968CharlyCliff Robertson
45%
1966A Man for All SeasonsPaul Scofield
45%
1974Harry and TontoArt Carney
41%
1932 / 1933The Private Life of Henry VIIICharles Laughton
40%
Dr. Jekyll and Mr. HydeFredric March
40%
1946The Best Years of Our LivesFredric March
40%
1930 / 1931A Free SoulLionel Barrymore
40%
1945The Lost WeekendRay Milland
38%
1949All the King's MenBroderick Crawford
36%
1950Cyrano de BergeracJosé Ferrer
36%
1939Goodbye, Mr. ChipsRobert Donat
36%
1927 / 1928The Last CommandEmil Jannings
34%
1947A Double LifeRonald Colman
33%
1929 / 1930DisraeliGeorge Arliss
29%
1936The Story of Louis PasteurPaul Muni
29%
1931 / 1932The ChampWallace Beery
29%
1943Watch on the RhinePaul Lukas
28%
1935The InformerVictor McLaglen
26%
1928 / 1929In Old ArizonaWarner Baxter
26%
The Way of All Flesha
0%

Score Distribution

Percentile by Number Answered

Percent of People with Each Score

Your Score History

You have not taken this quiz since the last reset